Movies Quiz

Random Movies Quiz

Movies of 2011 Quiz Stats

Quiz Updated Apr 30, 2018

Also try: Movies of 1995
Challenge
Share
Tweet
Score 0/20 Timer 07:00
3 Plays Today
Picture Movie % Correct
Thor
85.6%
The Help
78%
Moneyball
77.3%
Rango
76.6%
Harry Potter and the Deathly Hallows: Part 2
73.1%
The Girl with the Dragon Tattoo
72.4%
Bridesmaids
71.6%
The Iron Lady
65.5%
War Horse
60.8%
The Artist
59.1%
Picture Movie % Correct
Drive
51.1%
50/50
51.1%
X-Men: First Class
49%
Jack and Jill
46.2%
Super 8
39.3%
Midnight in Paris
37.6%
The Adventures of Tintin
35.1%
The Descendants
34.7%
Hugo
33.1%
Mission: Impossible - Ghost Protocol
32.9%

You're not logged in!

Compare scores with friends on all Sporcle quizzes.
Join for Free
OR
Log In

You Might Also Like...

Show Comments

Extras

Top Quizzes Today


Score Distribution

Your Account Isn't Verified!

In order to create a playlist on Sporcle, you need to verify the email address you used during registration. Go to your Sporcle Settings to finish the process.

Report this User

Report this user for behavior that violates our Community Guidelines.

Details: